000 02253nam a22003617a 4500
999 _c21852
_d21852
003 AR-CdUCM
008 190425b ||||| |||| 00| 0 spa d
040 _aMUNICIPALIDAD PROVINCIAL DEL CUSCO
_cBIBLIOTECA MUNICIPAL DEL CUSCO
082 _aRev.Andi/N°30/1997
110 _aCentro Bartolomé de Las Casas
_93293
245 _aRevista andina /
_cCentro de estudios rurales andinos Bartolomé de Las Casas Cusco
260 _aCusco :
_bCentro Bartolomé de Las Casas,
_c1997.
300 _a383-551 páginas. :
_c23 cm.
440 _aPublicación Semestral del Centro Bartolomé de Las Casas Cusco.
_nAño 15, Número 30, N°2, Segundo semestre 1997.
_946454
500 _aNutrición en los andes
505 _aContenido: Nutrición infantil en los Andes nuevos enfoques en la medición e interpretación del estado nutricional en la niñez. Ulrike Eigner.-- Abastecimiento de energía nutricional en economías domésticas agrarias de subsistencia valle de Charazani Bolivia. Joachim Ziche. -- Cultivos andinos y seguridad alimentaria qué política. Annette Salis. -- Herejes, marginales e infectos extranjeros y mentalidad excluyente en la sociedad colonial siglos XVI y XVII. Fernando Armas Asin. -- ¿Estatuto fiscal contra identidad étnica? criterios de diferenciación social en el sur del Perú 1569-1579. Carmen B. Loza. -- Oposiciones a parroquias y doctrinas. El catálogo de la sección Concursos Archivo Arzobispal de Lima. Siglos XVII-XIX. Juan Carlos García. -- Barroco musical en los Andes Siglos XVI-XVII-XVIII. Henrique Urbano. -- Una visión retrospectiva y crítica de las investigaciones etnomusicológicas en Bolivia. Ramiro Gutiérrez.
650 _aNutrición
_92384
650 _aCultivos andinos
_921023
650 _aFrontera agrícola
_946028
650 _aSanta inquisición
_912902
650 _aMúsica barroca
_944532
650 _aEtnomusicología
_945772
700 _aEigner, Ulrike
_946455
700 _aZiche, Joachim
_946456
700 _aSalis, Annette
_946448
700 _aArmas Asin, Fernando
_912160
700 _aLoza, Carmen
_946457
700 _aGarcía, Juan Carlos
_93209
700 _aUrbano, Henrique
_92078
700 _aGutiérrez, Ramiro
_946458
942 _2ddc
_cPP
945 _arac